Statistical Methods (Record no. 57937)

MARC details
000 -LEADER
fixed length control field 00342nam a2200145Ia 4500
008 - FIXED-LENGTH DATA ELEMENTS--GENERAL INFORMATION
fixed length control field 230917s9999||||xx |||||||||||||| ||und||
040 ## - CATALOGING SOURCE
-- 137391
Original cataloging agency VIVEKANANDA LIBRARY
041 ## - Language
-- English
082 ## - DDC NUMBER
Classification number 519.5 G599S
100 ## - MAIN ENTRY--PERSONAL NAME
Personal name Gupta, S.P.
245 #0 - TITLE STATEMENT
Title Statistical Methods
250 ## - EDITION STATEMENT
Edition statement 23rs ed.
260 ## - PUBLICATION, DISTRIBUTION, ETC. (IMPRINT)
Place of publication, distribution, etc New Delhi
Name of publisher, distributor, etc sultan Chand
Date of publication, distribution, etc 174
942 ## - ADDED ENTRY ELEMENTS (KOHA)
Koha item type Books
Holdings
Withdrawn status Lost status Damaged status Not for loan Location (home branch) Sublocation or collection (holding branch) Date acquired Koha issues (times borrowed) Koha full call number Accession No. Koha date last seen Koha item type
        VIVEKANANDA LIBRARY VIVEKANANDA LIBRARY 15/02/2010   519.5 G599S 128297 17/09/2023 Books
        VIVEKANANDA LIBRARY VIVEKANANDA LIBRARY 15/02/2010   519.5 G599S 162414 17/09/2023 Books
        VIVEKANANDA LIBRARY VIVEKANANDA LIBRARY 15/02/2010   519.5 G599S 60907 17/09/2023 Books
© Designed and Maintained by Vivekananda Library, MDU Rohtak